Southville International School and Colleges
Your cart is empty.
  • Cart
  • Lists
    Public lists Eva Luna New books Lux_list list_1
    Your lists Log in to create your own lists
  • Log in to your account
  • Your cookies
  • Search history
Southville International School and Colleges
  • Advanced search
  • Recent comments
  • Most popular
  • Libraries

Log in to your account

Log in with GOOGLE


If you do not have an external account, but do have a local account, you can still log in:

  1. Home
  2. MARC view: Arthur babysits: an Arhtur adventure /
Normal view MARC view ISBD view

Arthur babysits: an Arhtur adventure / (Record no. 104158)

[ view plain ]
MARC details
000 -LEADER
fixed length control field 00634nam a2200169 a 4500
005 - DATE AND TIME OF LATEST TRANSACTION
control field 20140412111314.0
008 - FIXED-LENGTH DATA ELEMENTS--GENERAL INFORMATION
fixed length control field 001218s19uu xx 00 eng d
050 ## - LIBRARY OF CONGRESS CALL NUMBER
Classification number ER
Item number Ar77 1992
100 ## - MAIN ENTRY--PERSONAL NAME
Personal name Brown, Marc Tolon
245 ## - TITLE STATEMENT
Title Arthur babysits: an Arhtur adventure /
Statement of responsibility, etc Marc Tolon Brown.
260 ## - PUBLICATION, DISTRIBUTION, ETC. (IMPRINT)
Place of publication, distribution, etc Canada :
Name of publisher, distributor, etc Little Brown & Company,
Date of publication, distribution, etc 1992.
300 ## - PHYSICAL DESCRIPTION
Extent 1 v. (unp) ; ill.
520 ## - SUMMARY, ETC.
Summary, etc Arhtur's experience babysitting for the terrible Tibble twin is a challenging as he expected, but he finally gets control by telling them a spooky story.
650 ## - SUBJECT ADDED ENTRY--TOPICAL TERM
Topical term or geographic name as entry element Animals -- Fiction
650 ## - SUBJECT ADDED ENTRY--TOPICAL TERM
Topical term or geographic name as entry element Babysitters -- Fiction
Holdings
Withdrawn status Lost status Damaged status Use restrictions Home library Current library Shelving location Date acquired Source of acquisition Total Checkouts Full call number Barcode Date last seen Price effective from Koha item type
        Elizalde Library Elizalde Library Easy Reading Section 12/18/2000     ER Ar77 1992 E6752 04/12/2014 04/12/2014 Books

Arthur babysits: an Arhtur adventure /

APA

Brown M. T., . (1992). Arthur babysits: an Arhtur adventure. Canada: Little Brown & Company.

Chicago

Brown Marc Tolon, . 1992. Arthur babysits: an Arhtur adventure. Canada: Little Brown & Company.

Harvard

Brown M. T., . (1992). Arthur babysits: an Arhtur adventure. Canada: Little Brown & Company.

MLA

Brown Marc Tolon, . Arthur babysits: an Arhtur adventure. Canada: Little Brown & Company. 1992.

  • Place hold
  • Print
  • Cite
  • Add to your cart (remove)
  • Save record
    BIBTEX Dublin Core MARCXML MARC (non-Unicode/MARC-8) MARC (Unicode/UTF-8) MARC (Unicode/UTF-8, Standard) MODS (XML) RIS
  • More searches
    Search for this title in:
    Other Libraries (WorldCat) Other Databases (Google Scholar) Online Stores (Bookfinder.com) Open Library (openlibrary.org)

Exporting to Dublin Core...

SOUTHVILLE LIBRARY

Southville International School and Colleges Library

1281 Tropical Ave. Cor. Luxembourg St., BF Homes International, Las Pinas City

Tel. No. 8256374 / 252358 Loc. 117/146

Powered by Koha